000 00611nam a22002177a 4500
003 UA-OsUOA
001 39163
007 ta
008 20060613b un ||||| |||| 00| 0 ukr d
090 _a81-116
942 _cBK
040 _aUA-OsUOA
_brus
_cUA-OsUOA
_dUA-OsUOA
245 _aСтруктурализм: "за" и "против"
_bСборник статей
300 _a468 с.
955 _a2
041 _arus
080 _a81-116
260 _aМ.
_c1975
650 7 _a8 Мовознавство. Художня література. Літературознавство
_2UDC
999 _c325307
_d325307